000 01038nam a22002897a 4500
003 DO-SdBNP
005 20220316112013.0
007 ta
008 210617e2018 dr ac||fr|||| 001 0dspa d
020 _a9789945087789
040 _aDO-SdBNP
_bspa
_cBNPHU
082 4 _a618
_bC255d
_222
100 1 _aCaputo A. Ángel R.,
_d1939-
_978898
245 1 0 _aDe la embriogénesis al envejecimiento /
_cÁngel Rafael N. Caputo Antonio ; prólogo Alejandro Parada Caba.
260 _aSanto Domingo :
_bMARGRAF,
_c2018.
300 _a514 p. :
_bil., fotos ;
_c23 cm.
500 _aIncluye índice alfabético p. 505 - 514.
500 _aIncluye referencias bibliográficos al final de los capítulos.
500 _aIncluye datos biográficos del autor en la contracubierta
504 _aBibliografía : p. 501 - 503
590 _aInventariado, 2021/ BT
650 4 _aGinecología
_920061
650 4 _aObstetricia
_920060
700 1 _aParada Caba, Alejandro,
_978899
910 _aValidado. Control de calidad MFF
942 _2ddc
_cLBS1
999 _c49949
_d49949